000 00442cam a22001571 4500
001 6513870
005 20250617104644.0
008 770928s1954 ilu 000 0 eng
050 0 0 _aBD21
_b.Y6
100 1 _aYoung, Warren C.
_q(Warren Cameron),
_d1913-
245 1 2 _aA Christian approach to philosophy.
260 _aWheaton, Ill.,
_bVan Kampen Press
_c[1954]
300 _a252 p.
_billus.
_c22 cm.
650 0 _aPhilosophy
942 _2lcc
_cBK
_n0
999 _c6536
_d6536